Návrh zlepšenia systému hodnotenia zamestnancov v spoločnosti AGROPARTNER spol. s r.o. Plavecké Podhradie

Salvato in:
Dettagli Bibliografici
Autore principale: Nízka, Elena, 1976- (Autore)
Altri autori: Holková, Andrea (Relatore della tesi)
Natura: Manoscritto Libro
Lingua:slovacco
Pubblicazione: STU v Bratislave MTF UPMK, 2010
Soggetti:
Accesso online:VAIS
Tags: Aggiungi Tag
Nessun Tag, puoi essere il primo ad aggiungerne!!

MARC

LEADER 00000ntm a22000003a 4500
001 stu206561
005 20160719160157.6
008 100707s2010------------------------slo-d
040 |a STU  |b slo 
041 0 |a slo 
100 1 |a Nízka, Elena,  |d 1976-  |4 aut  |X 31531  |7 A000031531 
242 0 0 |a Preposal for improving the evaluation system of employees in the company AGROPARTNER, Ltd. Plavecké Podhradie   |y eng 
245 1 |a Návrh zlepšenia systému hodnotenia zamestnancov v spoločnosti AGROPARTNER spol. s r.o. Plavecké Podhradie 
260 |b STU v Bratislave MTF UPMK,  |c 2010 
650 7 |a hodnotenie zamestnancov  |2 stusub 
650 7 |a evaluation of employees  |2 estusub 
700 1 |a Holková, Andrea  |4 ths  |u M4000  |U MTF Materiálovotechnologická fakulta  |T MTF Ústav priemyselného inžinierstva a manažmentu  |U M4000  |Y 84 
856 4 |a info a plný text  |u http://is.stuba.sk/zp/portal_zp.pl?podrobnosti=58265  |3 VAIS 
996 |c M*DP-9349  |l MMSKP  |s P  |a 0  |w stu206561_0001